[Event "Titled Tue 27th May Early"]
[Site "chess.com INT"]
[Date "2025.05.27"]
[Round "6"]
[White "Skliarov, Viktor"]
[Black "Ochedzan, Filip"]
[Result "1-0"]
[WhiteTitle "IM"]
[BlackTitle "CM"]
[WhiteElo "2334"]
[BlackElo "2130"]
[WhiteFideId "14106736"]
[BlackFideId "21892610"]
[EventDate "2025.05.27"]

1. e4 g6 2. d4 Nf6 3. e5 Nh5 4. Nc3 d6 5. Be3 dxe5 6. dxe5 Qxd1+ 7. Rxd1 Nc6 8.
Nb5 Bg7 9. Nxc7+ Kf8 10. Nxa8 Bxe5 11. Bh6+ Ng7 12. c3 f6 13. Nf3 Bd6 14. Bc4 b6
15. Bd5 Bb7 16. b4 Nd8 17. a4 e6 18. Bxb7 Nxb7 19. Nc7 Kf7 20. Nb5 Nf5 21. Bc1
Rb8 22. g4 1-0

[Event "Titled Tue 27th May Early"]
[Site "chess.com INT"]
[Date "2025.05.27"]
[Round "6"]
[White "Ilinca, Felix-Antonio"]
[Black "Yang, Kaiqi"]
[Result "1-0"]
[WhiteTitle "IM"]
[BlackTitle "GM"]
[WhiteElo "2420"]
[BlackElo "2481"]
[WhiteFideId "54764998"]
[BlackFideId "8604398"]
[EventDate "2025.05.27"]

1. d4 Nf6 2. Nc3 d5 3. Bf4 c5 4. e3 Bg4 5. f3 Bd7 6. dxc5 e6 7. Nb5 Bxb5 8.
Bxb5+ Nfd7 9. b4 a5 10. a3 Nc6 11. c3 g5 12. Bg3 Bg7 13. Rc1 axb4 14. axb4 O-O
15. Ne2 Nde5 16. O-O h5 17. Nd4 h4 18. Bf2 h3 19. gxh3 Ra2 20. Bg3 Qf6 21. Rc2
Rfa8 22. Qe2 Ra1 23. Rxa1 Rxa1+ 24. Kg2 Nxd4 25. cxd4 Ng6 26. Ra2 Rc1 27. Qd2
Rb1 28. Bd3 1-0

[Event "Titled Tue 27th May Early"]
[Site "chess.com INT"]
[Date "2025.05.27"]
[Round "6"]
[White "Tsydypov, Zhamsaran"]
[Black "Rustamov, Rustam"]
[Result "1-0"]
[WhiteTitle "GM"]
[BlackTitle "FM"]
[WhiteElo "2514"]
[BlackElo "2323"]
[WhiteFideId "4108566"]
[BlackFideId "13440110"]
[EventDate "2025.05.27"]

1. e4 c5 2. Nf3 d6 3. d4 cxd4 4. Nxd4 e5 5. Nf3 Nf6 6. Nc3 Be7 7. Bc4 O-O 8. Qd3
Nc6 9. a3 Be6 10. O-O Rc8 11. Nd5 Bxd5 12. Bxd5 Nxd5 13. Qxd5 Qd7 14. Be3 Qe6
15. Qb5 b6 16. b3 f5 17. exf5 Qxf5 18. Rfd1 e4 19. Rd5 Qf6 20. Nd4 Nxd4 21. Bxd4
Qe6 22. c4 g6 23. Re1 Rf5 24. f3 Rxd5 25. cxd5 Qf7 26. Rxe4 Bf6 27. Bxf6 Qxf6
28. h3 Rc5 29. Qd7 1-0

[Event "Titled Tue 27th May Early"]
[Site "chess.com INT"]
[Date "2025.05.27"]
[Round "6"]
[White "Ugarte Soto, Cesar"]
[Black "Skiadopoulos, Nikolaos"]
[Result "0-1"]
[WhiteTitle "CM"]
[BlackTitle "CM"]
[WhiteElo "2088"]
[BlackElo "1882"]
[WhiteFideId "3601331"]
[BlackFideId "4200772"]
[EventDate "2025.05.27"]

1. d4 Nf6 2. Nf3 g6 3. Bg5 Bg7 4. e3 d6 5. Nbd2 O-O 6. h3 c5 7. c3 Be6 8. Bc4
Bxc4 9. Nxc4 b5 10. Ncd2 b4 11. O-O bxc3 12. bxc3 Nc6 13. Qa4 Qd7 14. Kh1 Rad8
15. Rab1 cxd4 16. cxd4 d5 17. Rfc1 Rc8 18. Nb3 Ne4 19. Nc5 Qf5 20. Bh4 g5 21.
Nxe4 dxe4 22. Nxg5 Bf6 23. Rc5 e5 24. g4 Qg6 25. Rxc6 exd4 26. exd4 e3 27. fxe3
Qxb1+ 28. Kg2 Bxg5 29. Bxg5 Qe4+ 0-1

[Event "Titled Tue 27th May Early"]
[Site "chess.com INT"]
[Date "2025.05.27"]
[Round "6"]
[White "Aronian, Levon"]
[Black "Teterev, Vitaly"]
[Result "1-0"]
[WhiteTitle "GM"]
[BlackTitle "GM"]
[WhiteElo "2747"]
[BlackElo "2258"]
[WhiteFideId "13300474"]
[BlackFideId "13501429"]
[EventDate "2025.05.27"]

1. d4 Nf6 2. Nf3 g6 3. e3 Bg7 4. Be2 O-O 5. O-O d6 6. b4 Nbd7 7. Bb2 e5 8. c4 e4
9. Nfd2 Re8 10. a4 h5 11. b5 Nf8 12. a5 a6 13. Nc3 Bf5 14. Re1 h4 15. h3 Ne6 16.
Nd5 Ng5 17. Nf4 axb5 18. cxb5 Ne6 19. Nxe6 Bxe6 20. Qc2 d5 21. Rec1 Re7 22. Ba3
Rd7 23. Bb4 Nh7 24. Nb3 Qg5 25. Kh1 b6 26. Qc6 Rb8 27. a6 Rdd8 28. Qxc7 Qf5 29.
Be1 Rdc8 30. a7 Ra8 31. Qxb6 Bf8 32. Bg4 1-0

[Event "Titled Tue 27th May Early"]
[Site "chess.com INT"]
[Date "2025.05.27"]
[Round "6"]
[White "Panda, Sambit"]
[Black "Protopopescu, Luca"]
[Result "1-0"]
[WhiteTitle "IM"]
[BlackTitle "CM"]
[WhiteElo "2369"]
[BlackElo "2216"]
[WhiteFideId "25091794"]
[BlackFideId "651088894"]
[EventDate "2025.05.27"]

1. Nf3 Nf6 2. c4 g6 3. Nc3 Bg7 4. e4 O-O 5. d4 c5 6. d5 d6 7. h3 Nbd7 8. Bd3 a6
9. a4 Rb8 10. O-O Re8 11. Re1 e5 12. dxe6 Rxe6 13. Bf4 Ne5 14. Nxe5 dxe5 15. Be3
Rd6 16. Nd5 Nxd5 17. cxd5 b6 18. a5 f5 19. axb6 Qxb6 20. Rc1 Qxb2 21. Bxc5 Rdb6
22. Rb1 Qxb1 23. Bxb1 Rxb1 24. Qxb1 Rxb1 25. Rxb1 Kf7 26. Rb8 Bd7 27. Rb7 Ke8
28. f3 fxe4 29. fxe4 a5 30. Ra7 a4 31. Kf2 Bh6 32. Be3 Bf8 33. Ke2 a3 34. Bc1
Bb5+ 35. Kf3 h5 36. Bxa3 Bh6 37. Re7+ Kd8 38. Rxe5 Bd7 39. d6 Bg7 40. Re7 Bf6
41. Rf7 Be5 42. Bc5 Be6 43. Re7 1-0

[Event "Titled Tue 27th May Early"]
[Site "chess.com INT"]
[Date "2025.05.27"]
[Round "6"]
[White "Zhauynbay, Alimzhan"]
[Black "Guerra Tulcan, Lenin"]
[Result "1-0"]
[WhiteTitle "CM"]
[BlackTitle "IM"]
[WhiteElo "2077"]
[BlackElo "2310"]
[WhiteFideId "13782657"]
[BlackFideId "3601382"]
[EventDate "2025.05.27"]

1. e4 c5 2. Nf3 e6 3. c3 d5 4. exd5 Qxd5 5. d4 cxd4 6. cxd4 Nc6 7. Nc3 Bb4 8.
Be3 Nf6 9. Be2 O-O 10. O-O Qd8 11. h3 b6 12. Rc1 Bb7 13. Bd3 Ne7 14. Bg5 Ned5
15. Nxd5 Qxd5 16. Bxf6 gxf6 17. a3 Bd6 18. Re1 f5 19. Bc4 Qa5 20. Ng5 h6 21.
Nxe6 Rfe8 22. Qh5 Bf8 23. b4 Qxa3 24. Ng5 Re7 25. Qg6+ Bg7 26. Bxf7+ Kf8 27.
Nh7# 1-0

[Event "Titled Tue 27th May Early"]
[Site "chess.com INT"]
[Date "2025.05.27"]
[Round "6"]
[White "Vera Gonzalez-Quevedo, Reynaldo"]
[Black "Guliev, Gasan"]
[Result "1-0"]
[WhiteTitle "GM"]
[BlackTitle "CM"]
[WhiteElo "2299"]
[BlackElo "2123"]
[WhiteFideId "3500055"]
[BlackFideId "34165638"]
[EventDate "2025.05.27"]

1. d4 d5 2. c4 dxc4 3. Nf3 Nf6 4. e3 Bg4 5. Bxc4 e6 6. h3 Bh5 7. g4 Bg6 8. Ne5
Nbd7 9. Nxg6 hxg6 10. Bf1 c5 11. Bg2 Qc7 12. Nc3 cxd4 13. exd4 Bb4 14. O-O Rd8
15. Qb3 Nxg4 16. Re1 Bxc3 17. bxc3 Qh2+ 18. Kf1 Rxh3 19. Rxe6+ Kf8 20. Ba3+ Kg8
21. Bd6 Qh1+ 22. Bxh1 Rxh1+ 23. Kg2 Rxa1 24. Re7 Nh6 25. Bc7 Rc8 26. Rxd7 Re8
27. Bf4 Nf5 28. Qxf7+ 1-0

[Event "Titled Tue 27th May Early"]
[Site "chess.com INT"]
[Date "2025.05.27"]
[Round "6"]
[White "Gubajdullin, Alexei"]
[Black "Akobian, Varuzhan"]
[Result "0-1"]
[WhiteTitle "FM"]
[BlackTitle "GM"]
[WhiteElo "2227"]
[BlackElo "2564"]
[WhiteFideId "4141202"]
[BlackFideId "13300580"]
[EventDate "2025.05.27"]

1. Nf3 d5 2. g3 c5 3. Bg2 Nc6 4. O-O e5 5. d3 h6 6. Nbd2 Nf6 7. e4 d4 8. Nc4 Qc7
9. a4 Bg4 10. c3 g5 11. a5 Be7 12. Qa4 O-O 13. cxd4 cxd4 14. Bd2 Nd7 15. b4 a6
16. Rfc1 Qd8 17. b5 Nc5 18. Qc2 axb5 19. Ncxe5 Nxe5 20. Nxe5 Be6 21. Bb4 Nb3 22.
Bxe7 Qxe7 23. f4 Rfc8 24. Qd1 Nxc1 25. Rxc1 Rxc1 26. Qxc1 Rc8 27. Qb2 Qc5 28.
Bf1 b4 29. Nf3 Qc3 30. Qf2 b3 31. fxg5 b2 32. gxh6 b1=Q 33. Ng5 Qcxd3 34. Qf6
Qbxf1+ 35. Qxf1 Qe3+ 36. Kg2 Qxg5 37. h7+ Kxh7 0-1

[Event "Titled Tue 27th May Early"]
[Site "chess.com INT"]
[Date "2025.05.27"]
[Round "6"]
[White "Germanovs, Georgijs"]
[Black "Pribelszky, Bence"]
[Result "1-0"]
[WhiteTitle "CM"]
[BlackTitle "IM"]
[WhiteElo "2255"]
[BlackElo "2400"]
[WhiteFideId "11609710"]
[BlackFideId "769738"]
[EventDate "2025.05.27"]

1. d4 b6 2. e4 Bb7 3. Nd2 e6 4. f4 c5 5. c3 Nf6 6. e5 Nd5 7. Ne4 Nxf4 8. Nf6+
gxf6 9. Bxf4 cxd4 10. Nf3 dxc3 11. bxc3 Nc6 12. Bb5 Bc5 13. exf6 Qxf6 14. Bxc6
Qxf4 15. Qxd7+ Kf8 16. Bxb7 Qe3+ 17. Kd1 Rb8 18. Rf1 Rxb7 19. Qxb7 Qxc3 20. Rc1
Qd3+ 21. Nd2 f5 22. Qf3 Qd7 23. g4 Ke7 24. gxf5 Rd8 25. Rc2 Bb4 26. fxe6 Qxe6
27. Re1 1-0

[Event "Titled Tue 27th May Early"]
[Site "chess.com INT"]
[Date "2025.05.27"]
[Round "6"]
[White "Hajiyev, Kanan"]
[Black "Sklokin, Sergey"]
[Result "0-1"]
[WhiteTitle "FM"]
[BlackTitle "FM"]
[WhiteElo "2197"]
[BlackElo "2311"]
[WhiteFideId "13404148"]
[BlackFideId "55730230"]
[EventDate "2025.05.27"]

1. d4 Nf6 2. Nf3 g6 3. e3 Bg7 4. Be2 d5 5. O-O O-O 6. c4 c6 7. Nc3 Bf5 8. b3
Nbd7 9. Bb2 Rc8 10. Rc1 Re8 11. cxd5 cxd5 12. Ne5 Be6 13. f4 a6 14. g4 Nxe5 15.
dxe5 Ne4 16. f5 Bd7 17. Qxd5 Ng5 18. h4 e6 19. Qd2 Nh3+ 20. Kg2 Bc6+ 21. Kxh3
Qxd2 0-1

[Event "Titled Tue 27th May Early"]
[Site "chess.com INT"]
[Date "2025.05.27"]
[Round "6"]
[White "Jahnz, Laurin"]
[Black "Jiganchine, Roman"]
[Result "1-0"]
[WhiteTitle "CM"]
[BlackTitle "CM"]
[WhiteElo "2233"]
[BlackElo "2205"]
[WhiteFideId "16261089"]
[BlackFideId "2603667"]
[EventDate "2025.05.27"]

1. e4 e5 2. Nf3 Nc6 3. Bc4 Nf6 4. d3 Be7 5. a4 O-O 6. Nc3 d6 7. O-O Kh8 8. h3
Ng8 9. Nd5 f5 10. Nxe7 Ncxe7 11. Ng5 Nf6 12. Nf7+ Rxf7 13. Bxf7 fxe4 14. dxe4
Nxe4 15. Qf3 Qf8 16. Qxe4 Qxf7 17. f4 Bf5 18. Qxb7 Rf8 19. fxe5 Qg6 20. Be3 Rg8
21. Qf3 Nd5 22. Bd2 Be4 23. Qg4 Qxg4 24. hxg4 dxe5 25. c4 Nf6 26. g5 Nd7 27. Rf7
Bc6 28. b4 a6 29. b5 axb5 30. axb5 Nc5 31. bxc6 1-0

[Event "Titled Tue 27th May Early"]
[Site "chess.com INT"]
[Date "2025.05.27"]
[Round "6"]
[White "Lee, Kyungseok"]
[Black "Zhou, Yuxu"]
[Result "0-1"]
[WhiteTitle "CM"]
[BlackTitle "CM"]
[WhiteElo "2072"]
[BlackElo "2087"]
[WhiteFideId "13202154"]
[BlackFideId "8626421"]
[EventDate "2025.05.27"]

1. d4 d5 2. Nf3 Nf6 3. Bf4 Bf5 4. e3 e6 5. Bd3 Bxd3 6. Qxd3 Bd6 7. O-O a6 8.
Nbd2 Bxf4 9. exf4 O-O 10. a4 a5 11. Rfe1 Na6 12. c3 c5 13. Qb5 cxd4 14. Nxd4 Qc7
15. g3 Nc5 16. Rac1 Rfc8 17. b4 Nce4 18. Nxe4 Nxe4 19. c4 Nd6 20. Qc5 Qxc5 21.
bxc5 Nxc4 22. Nb3 g6 23. Kg2 Rab8 24. Rb1 b6 25. cxb6 Rxb6 26. Nd4 Rcb8 27. Rb5
Rxb5 28. axb5 a4 29. Ra1 a3 30. Kf1 f6 31. Nxe6 Rxb5 32. Nc7 Ra5 33. Ra2 Rc5 34.
Ne6 Rb5 35. Nc7 Rb2 36. Ra1 a2 0-1

[Event "Titled Tue 27th May Early"]
[Site "chess.com INT"]
[Date "2025.05.27"]
[Round "6"]
[White "Bozorov, Javohir"]
[Black "Karas, Eugenia"]
[Result "1-0"]
[WhiteTitle "FM"]
[BlackTitle "WFM"]
[WhiteElo "2093"]
[BlackElo "2124"]
[WhiteFideId "14216957"]
[BlackFideId "463485"]
[EventDate "2025.05.27"]

1. e4 c5 2. Nf3 d6 3. d4 cxd4 4. Nxd4 Nf6 5. Nc3 a6 6. Be2 e5 7. Nb3 Be7 8. g4
d5 9. g5 Nxe4 10. Nxd5 Be6 11. Nxe7 Qxd1+ 12. Bxd1 Kxe7 13. Be3 Bd5 14. Bf3 Nc3
15. Bc5+ Ke8 16. Bxd5 Nxd5 17. O-O-O Nf4 18. Rhe1 Nc6 19. Bd6 Ng6 20. Nc5 b6 21.
Nd3 f6 22. gxf6 gxf6 23. f4 Kf7 24. fxe5 fxe5 25. Bxe5 Rhe8 26. Bc3 Rxe1 27.
Rxe1 Re8 28. Rxe8 Kxe8 29. Kd2 Kf7 30. Ke3 Ke6 31. Ke4 Nge7 32. Nf4+ Kd6 33. Bf6
Ng8 34. Bg5 h6 35. Bh4 Ne5 36. b3 Ng6 37. Nxg6 1-0

[Event "Titled Tue 27th May Early"]
[Site "chess.com INT"]
[Date "2025.05.27"]
[Round "6"]
[White "Vafin, Ayrat"]
[Black "Erece, Ece Alkim"]
[Result "1-0"]
[WhiteTitle "FM"]
[BlackTitle "WCM"]
[WhiteElo "2302"]
[BlackElo "1843"]
[WhiteFideId "4146530"]
[BlackFideId "6346006"]
[EventDate "2025.05.27"]

1. Nf3 Nf6 2. g3 d5 3. Bg2 g6 4. O-O Bg7 5. c4 O-O 6. d4 c6 7. cxd5 cxd5 8. Ne5
Nc6 9. Nxc6 bxc6 10. Nc3 Qb6 11. b3 Bf5 12. Ba3 Rfe8 13. Na4 Qa5 14. Rc1 Rac8
15. e3 Ne4 16. Re1 e5 17. dxe5 Bxe5 18. f3 Nf6 19. f4 Bb8 20. Bb2 Ng4 21. Qd4 f6
22. h3 c5 23. Nxc5 Rxc5 24. Qxc5 Qxc5 25. Rxc5 Nxe3 26. Bd4 Bd6 27. Rxe3 Rxe3
28. Bxe3 Bxc5 29. Bxd5+ 1-0

[Event "Titled Tue 27th May Early"]
[Site "chess.com INT"]
[Date "2025.05.27"]
[Round "6"]
[White "Shymanskyi, Oleksandr"]
[Black "Kochavi, Dana"]
[Result "1-0"]
[WhiteTitle "FM"]
[BlackTitle "FM"]
[WhiteElo "2218"]
[BlackElo "2226"]
[WhiteFideId "14168880"]
[BlackFideId "2837137"]
[EventDate "2025.05.27"]

1. e4 e6 2. d4 d5 3. Nd2 c5 4. Ngf3 Nf6 5. e5 Nfd7 6. c3 Nc6 7. Bd3 g5 8. h3 h5
9. b3 Bg7 10. Bb2 f5 11. exf6 Qxf6 12. Qe2 g4 13. hxg4 hxg4 14. Rxh8+ Bxh8 15.
Nh2 g3 16. fxg3 cxd4 17. cxd4 Nxd4 18. Qh5+ Kd8 19. Ng4 Nc2+ 20. Bxc2 Qxb2 21.
Rd1 Bc3 22. Qg5+ Nf6 23. Bd3 Bd7 24. Nxf6 Bxf6 25. Qg8+ Be8 26. Bg6 Ke7 27. Qh7+
Kd6 28. Nc4+ Kc5 29. Nxb2 Bxb2 30. Bxe8 Rxe8 31. Qc2+ 1-0

[Event "Titled Tue 27th May Early"]
[Site "chess.com INT"]
[Date "2025.05.27"]
[Round "6"]
[White "Rubio, Lloyd"]
[Black "Vasilenok, Anton"]
[Result "1-0"]
[BlackTitle "CM"]
[WhiteElo "2167"]
[BlackElo "2137"]
[WhiteFideId "5210453"]
[BlackFideId "34133124"]
[EventDate "2025.05.27"]

1. d4 Nf6 2. Bf4 c5 3. e3 Qb6 4. Nc3 e6 5. a3 Nc6 6. Nf3 d5 7. Nb5 Kd8 8. Bc7+
Qxc7 9. Nxc7 Kxc7 10. Bb5 Bd7 11. Bxc6 Bxc6 12. O-O Nd7 13. Qc1 Be7 14. dxc5
Nxc5 15. b4 Ne4 16. Rb1 Nc3 17. Qd2 Nxb1 18. Rxb1 b5 19. Nd4 Kb7 20. a4 a6 21.
Nxc6 Kxc6 22. Qc3+ Kd7 23. Qxg7 Raf8 24. Qd4 Rc8 25. Qa7+ Rc7 26. Qxa6 bxa4 27.
Qxa4+ Kd6 28. b5 Rb8 29. b6 Rcb7 30. Qa6 Bd8 31. g3 Rxb6 32. Qa3+ Kd7 33. Rxb6
Rxb6 34. Qf8 f5 35. Qf7+ Be7 36. Qxh7 Rb2 37. h4 Rxc2 38. h5 Rc8 39. h6 Kd6 40.
Qg6 Bd8 41. h7 Ba5 42. Qg8 Kd7 43. Qxc8+ Kxc8 44. h8=Q+ 1-0

[Event "Titled Tue 27th May Early"]
[Site "chess.com INT"]
[Date "2025.05.27"]
[Round "6"]
[White "Beniosev, Daniel"]
[Black "Gunawardhana, Devindya Oshini"]
[Result "0-1"]
[WhiteTitle "CM"]
[BlackTitle "WIM"]
[WhiteElo "2010"]
[BlackElo "2068"]
[WhiteFideId "11632674"]
[BlackFideId "29941482"]
[EventDate "2025.05.27"]

1. e4 e5 2. Nf3 Nc6 3. Bc4 Nf6 4. d4 exd4 5. e5 Ng4 6. O-O Be7 7. Re1 d6 8. exd6
Qxd6 9. h3 Nf6 10. Na3 a6 11. c3 dxc3 12. Qxd6 cxd6 13. bxc3 d5 14. Bd3 O-O 15.
Nc2 Bd6 16. Ncd4 Bd7 17. Bg5 Ne8 18. Rad1 h6 19. Bc1 Nc7 20. Nf5 Bxf5 21. Bxf5
Rad8 22. Be3 Nb5 23. Bd2 Bc5 24. a4 Nd6 25. Bf4 Nxf5 0-1

[Event "Titled Tue 27th May Early"]
[Site "chess.com INT"]
[Date "2025.05.27"]
[Round "6"]
[White "Bluebaum, Matthias"]
[Black "Sychev, Klementy"]
[Result "1-0"]
[WhiteTitle "GM"]
[BlackTitle "GM"]
[WhiteElo "2660"]
[BlackElo "2542"]
[WhiteFideId "24651516"]
[BlackFideId "4114060"]
[EventDate "2025.05.27"]

1. d4 Nf6 2. c4 g6 3. Nc3 Bg7 4. e4 d6 5. Be2 O-O 6. Nf3 e5 7. Be3 exd4 8. Nxd4
Re8 9. f3 c6 10. Qd2 d5 11. exd5 cxd5 12. O-O Nc6 13. Rad1 Nxd4 14. Bxd4 dxc4
15. Bxc4 Be6 16. Bb5 Rf8 17. Qf2 a6 18. Bb6 Qc8 19. Ba4 Bd7 20. Bxd7 Nxd7 21.
Nd5 Kh8 22. Bd4 Qc4 23. Qh4 Bxd4+ 24. Rxd4 Qc5 25. b4 Qa7 26. Kh1 a5 27. Rfd1
axb4 28. Nc7 Rad8 29. Rxd7 Rxd7 30. Rxd7 Qxa2 31. Qf6+ Kg8 32. h4 Qc4 33. Nd5 h5
34. Ne7+ Kh7 35. Nxg6 1-0

[Event "Titled Tue 27th May Early"]
[Site "chess.com INT"]
[Date "2025.05.27"]
[Round "6"]
[White "Bonaveri, Agustin"]
[Black "Khandhadia, Nivaan Rathin"]
[Result "0-1"]
[WhiteTitle "FM"]
[BlackTitle "CM"]
[WhiteElo "2367"]
[BlackElo "2112"]
[WhiteFideId "104027"]
[BlackFideId "25753274"]
[EventDate "2025.05.27"]

1. c4 c5 2. Nc3 Nc6 3. Nf3 e5 4. e3 g6 5. d4 exd4 6. exd4 cxd4 7. Nxd4 Bg7 8.
Be3 Nf6 9. Be2 O-O 10. O-O d5 11. Rc1 dxc4 12. Bxc4 Nxd4 13. Qxd4 Ng4 14. Qxd8
Rxd8 15. Bg5 Bf6 16. Bxf6 Nxf6 17. Rfd1 Bf5 18. Nd5 Nxd5 19. Bxd5 Be6 20. Bxe6
fxe6 21. Kf1 Rac8 22. Rxd8+ Rxd8 23. Ke2 Rd7 24. Ke3 Kf7 25. f4 Kf6 26. Ke4 Rd2
27. Rc7 Rxb2 28. Rxh7 Rxg2 29. Rxb7 Rxa2 30. h4 Ra4+ 31. Kf3 a5 32. Rb5 Ra3+ 33.
Kg4 a4 34. h5 gxh5+ 35. Kxh5 Ra1 36. Kg4 a3 37. Ra5 a2 38. Kf3 Rf1+ 0-1

[Event "Titled Tue 27th May Early"]
[Site "chess.com INT"]
[Date "2025.05.27"]
[Round "6"]
[White "Kopczynski, Michal"]
[Black "Arakelyan, Manvel"]
[Result "1-0"]
[WhiteTitle "CM"]
[BlackTitle "FM"]
[WhiteElo "2225"]
[BlackElo "2326"]
[WhiteFideId "1124200"]
[BlackFideId "13317415"]
[EventDate "2025.05.27"]

1. e4 c5 2. d4 cxd4 3. c3 Nf6 4. Bd3 dxc3 5. Nxc3 d6 6. f4 g6 7. Nf3 Bg7 8. O-O
Nc6 9. Kh1 O-O 10. Be3 Bd7 11. Qe1 a6 12. Rd1 Rc8 13. Qh4 e6 14. f5 exf5 15.
exf5 Qa5 16. fxg6 fxg6 17. Bc4+ Kh8 18. Ng5 Bf5 19. Nd5 h6 20. Nxf6 Rxf6 21. Ne4
Bxe4 22. Rxf6 h5 23. Qxe4 Bxf6 24. Qxg6 Bg7 25. Bg5 d5 26. Qxh5+ Kg8 27. Bxd5+
Qxd5 28. Rxd5 Ne7 29. Bxe7 1-0

[Event "Titled Tue 27th May Early"]
[Site "chess.com INT"]
[Date "2025.05.27"]
[Round "6"]
[White "Pham, Le Thao Nguyen"]
[Black "Fernandez, Michael"]
[Result "1-0"]
[WhiteTitle "IM"]
[BlackTitle "FM"]
[WhiteElo "2388"]
[BlackElo "2226"]
[WhiteFideId "12401226"]
[BlackFideId "5803560"]
[EventDate "2025.05.27"]

1. d4 d5 2. Nf3 Nf6 3. Bf4 e6 4. e3 c5 5. c3 Nc6 6. Nbd2 Bd6 7. Bg3 Qe7 8. Ne5
Nd7 9. f4 f6 10. Qh5+ g6 11. Nxg6 Qf7 12. f5 Bxg3+ 13. hxg3 Rg8 14. Qxh7 exf5
15. Qxf7+ Kxf7 16. Nf4 Ne7 17. Kf2 c4 18. Nxc4 dxc4 19. Bxc4+ Kg7 20. Ne6+ Kg6
21. Nc7 Rb8 22. Bxg8 Nxg8 23. Rh4 Nh6 24. Rah1 Ng4+ 25. Ke2 b6 26. e4 Nf8 27.
Nd5 Ba6+ 28. Kf3 fxe4+ 29. Kxg4 Bc8+ 30. Kf4 Ne6+ 31. Ke3 Ng5 32. Rh6+ 1-0

[Event "Titled Tue 27th May Early"]
[Site "chess.com INT"]
[Date "2025.05.27"]
[Round "6"]
[White "Sonis, Francesco"]
[Black "Toktomushev, Teimur"]
[Result "1-0"]
[WhiteTitle "GM"]
[BlackTitle "FM"]
[WhiteElo "2570"]
[BlackElo "2398"]
[WhiteFideId "895733"]
[BlackFideId "14176726"]
[EventDate "2025.05.27"]

1. Nf3 d5 2. e3 Nf6 3. b3 c5 4. Bb2 e6 5. Bb5+ Bd7 6. c4 Bxb5 7. cxb5 Bd6 8. O-O
O-O 9. d3 Nbd7 10. a4 Re8 11. Qc2 e5 12. e4 Nf8 13. Nc3 Bc7 14. Ba3 b6 15. Rfe1
Ne6 16. exd5 Nxd5 17. Ne4 Ndf4 18. Rad1 Nd4 19. Nxd4 Qxd4 20. g3 Ne6 21. Qc4
Rad8 22. Bc1 Rd7 23. Be3 Qd5 24. Qxd5 Rxd5 25. Kf1 Red8 26. Ke2 f5 27. Nc3 R5d7
28. f3 Kf7 29. Nb1 h5 30. Na3 h4 31. Nc4 hxg3 32. hxg3 e4 33. fxe4 fxe4 34. Rf1+
Kg8 35. dxe4 Bxg3 36. Rxd7 Rxd7 37. Rf5 Nd4+ 38. Bxd4 Rxd4 39. Ke3 Rd1 40. Rf3
Bh4 41. e5 g5 42. Ke4 g4 43. Rf4 Rg1 44. Kf5 g3 45. Rxh4 g2 46. Rg4+ Kf8 47. Ke6 1-0

[Event "Titled Tue 27th May Early"]
[Site "chess.com INT"]
[Date "2025.05.27"]
[Round "6"]
[White "Naranjo Moreno, Antonio"]
[Black "Daspres, Loic"]
[Result "0-1"]
[WhiteTitle "FM"]
[BlackTitle "CM"]
[WhiteElo "2289"]
[BlackElo "2207"]
[WhiteFideId "2278626"]
[BlackFideId "20612281"]
[EventDate "2025.05.27"]

1. e4 c5 2. Nf3 e6 3. d4 cxd4 4. Nxd4 Nf6 5. Nc3 Nc6 6. Nxc6 bxc6 7. e5 Nd5 8.
Ne4 Qc7 9. f4 Qb6 10. c4 Bb4+ 11. Ke2 f5 12. Nf2 Ba6 13. Kf3 Ne7 14. Be3 Bc5 15.
Bxc5 Qxc5 16. Qd6 Qb6 17. Be2 c5 18. Rhd1 Bb7+ 19. Kg3 Bc6 20. Nd3 g5 21. fxg5
Ng6 22. Nxc5 Qxb2 23. Nxd7 Qxe2 24. Qxc6 f4+ 0-1

[Event "Titled Tue 27th May Early"]
[Site "chess.com INT"]
[Date "2025.05.27"]
[Round "6"]
[White "Shuvalova, Polina"]
[Black "Giri, Anish"]
[Result "0-1"]
[WhiteTitle "IM"]
[BlackTitle "GM"]
[WhiteElo "2494"]
[BlackElo "2738"]
[WhiteFideId "24171760"]
[BlackFideId "24116068"]
[EventDate "2025.05.27"]

1. e4 e6 2. d4 d5 3. Nd2 Be7 4. Bd3 c5 5. Ngf3 cxd4 6. Nxd4 Nf6 7. O-O dxe4 8.
Nxe4 O-O 9. c3 Nbd7 10. Qe2 Qc7 11. Bg5 Re8 12. Rad1 Nxe4 13. Bxe7 Nxc3 14. Qc2
Rxe7 15. Bxh7+ Kh8 16. bxc3 g6 17. Bxg6 fxg6 18. Qxg6 Nf8 19. Qf6+ Kg8 20. Rd3
Rg7 21. Nb5 Qe7 22. Qe5 Bd7 23. Nd6 Bc6 24. Rg3 Ng6 25. Qc5 Rf8 26. h4 Nxh4 27.
Rxg7+ Qxg7 0-1

[Event "Titled Tue 27th May Early"]
[Site "chess.com INT"]
[Date "2025.05.27"]
[Round "6"]
[White "Chiu, Isaac"]
[Black "Arabidze, Meri"]
[Result "1-0"]
[BlackTitle "IM"]
[WhiteElo "2226"]
[BlackElo "2440"]
[WhiteFideId "30900654"]
[BlackFideId "13604040"]
[EventDate "2025.05.27"]

1. d4 Nf6 2. Nf3 e6 3. c4 d5 4. Nc3 Nbd7 5. Bf4 dxc4 6. e3 b5 7. Nxb5 Bb4+ 8.
Nc3 Nd5 9. Rc1 Nxf4 10. exf4 Nb6 11. Bxc4 O-O 12. Be2 Qd6 13. Ne5 Bb7 14. O-O
Bxc3 15. bxc3 c5 16. dxc5 Qxc5 17. c4 Rad8 18. Qb3 Rd4 19. Qe3 Rfd8 20. Bf3 Bxf3
21. Nxf3 Nxc4 22. Nxd4 Rxd4 23. Qe5 Qxe5 24. fxe5 g5 25. Rfd1 Rxd1+ 26. Rxd1
Nxe5 27. Rd6 a5 28. Ra6 Nc4 29. Rc6 Nb2 30. Rc5 a4 31. Rxg5+ Kf8 32. Rb5 Nd3 33.
a3 Nc1 34. Kf1 Nb3 35. Rb4 Nc5 36. Rc4 1-0